Statystyki dla Polscy Pro gracze

Kliknij tutaj aby rozwiązać quiz!

Ogólne statystyki

  • Ten quiz został rozwiązany 7 razy
  • Średni wynik to 3 z 15

Statystyki odpowiedzi

TeamsPlayers% Poprawnych
⁠TheCartel EsportsKami
100%
Vex.esportSetty
86%
⁠On Fire RedTeeq
43%
⁠Atlantic.gg⁠Artor
29%
Grom.F1rstAdvise
14%
⁠300 SpartansPacko
14%
⁠Spekter AcademyPkr
14%
⁠DestroyQln
14%
⁠Dynamind AcademyCrusti
0%
⁠Xypher EsportsDandir
0%
⁠Bravely E-sportsJapko
0%
Team VertexKefyy
0%
Luminox EsportsMlody
0%
⁠⁠Fixture PolandPurchawa
0%
⁠Impave GamingRellvis
0%

Rozkład punktacji

Percentyl według liczby udzielonych odpowiedzi

Procent ludzi z każdym wynikiem

Twoja historia wyników

Nie rozwiązałeś tego quizu